header

Ethnonational identities (Record no. 75238)

MARC details
000 -LEADER
fixed length control field 01158nam a2200313Ia 4500
082 04 - DEWEY DECIMAL CLASSIFICATION NUMBER
Classification number 320.54
245 00 - TITLE STATEMENT
Title Ethnonational identities
260 ## - PUBLICATION, DISTRIBUTION, ETC. (IMPRINT)
Place of publication New York :
Name of publisher Palgrave Macmillan,
Year of publication 2002.
300 ## - PHYSICAL DESCRIPTION
Number of Pages xii, 272 p.
650 #0 - SUBJECT ADDED ENTRY--TOPICAL TERM
Topical Term Nationalism.
Topical Term Ethnicity.
700 1# - ADDED ENTRY--PERSONAL NAME
Personal name Fenton, Steve,
Personal name May, Stephen,
856 40 - ELECTRONIC LOCATION AND ACCESS
Uniform Resource Identifier http://site.ebrary.com/lib/rucke/Doc?id=10044851

No items available.

© 2026 Rongo University
Contact us: librarian | system librarian | Rongo university